Structure and properties of glassy polymers

Αποθηκεύτηκε σε:
Λεπτομέρειες βιβλιογραφικής εγγραφής
Κύριος συγγραφέας: Tant, Martin R.
Μορφή: Βιβλίο
Γλώσσα:Undetermined
Έκδοση: Washington, DC American Chemical Society 1998
Θέματα:
Ετικέτες: Προσθήκη ετικέτας
Δεν υπάρχουν, Καταχωρήστε ετικέτα πρώτοι!
Thư viện lưu trữ: Trung tâm Học liệu Trường Đại học Cần Thơ
LEADER 00554nam a2200193Ia 4500
001 CTU_65517
008 210402s9999 xx 000 0 und d
020 |b 2160000 
082 |a 620.1 
082 |b T169 
100 |a Tant, Martin R. 
245 0 |a Structure and properties of glassy polymers 
245 0 |c Martin R. Tant, Anita J. Hill 
260 |a Washington, DC 
260 |b American Chemical Society 
260 |c 1998 
650 |a Polymers,Amorphous substance 
904 |i TUYẾN 
980 |a Trung tâm Học liệu Trường Đại học Cần Thơ